000 01020njm a22002177a 4500
005 20220720161006.0
008 190311b xxu||||| |||| 00| 0 spa d
041 _aspa
100 _aSagot, Jacques
_964120
245 _aLiszt Sonata in B Minor
260 _aEstados Unidos
260 _bDisc Makers
260 _c1998
300 _a1 CD-ROM
300 _a58:07 minutos
505 _aSkryabin: 1. Etude Op. 2, N° 1. 2. Etude Op. 8, N° 12. Chopin: 3. Mazurka Op. 7, N° 3. 4. Mazurka Op. 17, N° 1. 5. Polonaise Op. 26, N° 1. Ginastera: 6. Suite de Danzas Criollas Op. 15 Adagietto Pianissimo. 7. Suite de Danzas Criollas Op. 15 Allegro Rustico. 8. Suite de Danzas Criollas Op. 15 Allegretto Cantable. 9. Suite de Danzas Criollas Op. 15 Calmo E Poetico. 10. Suite de Danzas Criollas Op. 15 Scherzando and Coda: Presto Ed Energico. Liszt: 11. Sonata in B Minor.
650 _aMÚSICA INSTRUMENTAL
_93623
650 _aMÚSICA CLÁSICA
_964121
650 _aPIANO
_964122
942 _cMU
999 _c11717
_d11717